Instituciones de derecho concursal. Tomo V /

Guardado en:
Autor Principal: Graziabile, Darío J.
Formato: Libro
Idioma:Spanish
Publicado: Ciudad Autónoma de Buenos Aires : La Ley, 2018
Edición:1a. ed.
Materias:
Etiquetas: Agregar Etiqueta
Sin Etiquetas, Sea el primero en etiquetar este registro!
LEADER 00491nam a22001575a 4500
001 DER.der013584
008 180615s2018####ag#||||||||||||||#||spa||
005 20240227084514.0
245 1 0 |a Instituciones de derecho concursal.  |n Tomo V /  |c Darío J. Graziabile. 
250 |a 1a. ed. 
260 |a Ciudad Autónoma de Buenos Aires :  |b La Ley,  |c 2018 
300 |a 961 p. 
020 |a 9789870335214 
100 1 |a Graziabile, Darío J. 
650 7 |a QUIEBRA 
859 |a DERECHO  |b BIB. DERECHO  |h 346.07  |i GRA  |p 008607  |3 Tomo V